Footballeurs par lettre S - Statistiques

Statistiques générales
  • Ce quiz a été pris 130 fois
  • Le résultat moyen est 17 sur 23
Statistiques - réponses
Par images Réponse % Correct
Salah
98%
Silva
98%
Silva
98%
Silva
98%
Suarez
98%
Saliba
97%
Son
97%
Sane
92%
Sancho
88%
Simons
88%
Shaqiri
84%
Stones
81%
Sneijder
78%
Schmeichel
76%
Szczęsny
68%
Savic
65%
Schick
63%
Saul
62%
Sissoko
60%
Strootman
59%
Soucek
41%
Santos
25%
Saviola
25%
Aucun quiz correspondant
Distribution des résultats
% des personnes avec chaque résultat
Percentile par nombre de réponses
Votre historique - résultats
Vous n’avez pas pris ce quiz